| 000 | 01340nam a2200325Ia 4500 | ||
|---|---|---|---|
| 001 | ebr10256010 | ||
| 003 | CaPaEBR | ||
| 006 | m u | ||
| 007 | cr cn||||||||| | ||
| 008 | 010917s2001 si a sb 001 0 eng d | ||
| 020 | _z9789810242091 | ||
| 020 | _z9810242093 | ||
| 040 |
_aCaPaEBR _cCaPaEBR |
||
| 035 | _a(OCoLC)261340062 | ||
| 050 | 1 | 4 |
_aQC6.4.F58 _bJ36 2001eb |
| 100 | 1 |
_aJanssen, M. _q(Martin) |
|
| 245 | 1 | 0 |
_aFluctuations and localization in mesoscopic electron systems _h[electronic resource] / _cMartin Janssen. |
| 260 |
_aSingapore ; _aRiver Edge, N.J. : _bWorld Scientific, _cc2001. |
||
| 300 |
_axii, 205 p. : _bill. |
||
| 490 | 1 |
_aWorld Scientific lecture notes in physics ; _vv. 64 |
|
| 504 | _aIncludes bibliographical references (p. 191-198) and index. | ||
| 533 |
_aElectronic reproduction. _bPalo Alto, Calif. : _cebrary, _d2011. _nAvailable via World Wide Web. _nAccess may be limited to ebrary affiliated libraries. |
||
| 650 | 0 | _aFluctuations (Physics) | |
| 650 | 0 | _aQuantum theory. | |
| 650 | 0 | _aMesoscopic phenomena (Physics) | |
| 655 | 7 |
_aElectronic books. _2local |
|
| 710 | 2 | _aebrary, Inc. | |
| 830 | 0 |
_aWorld Scientific lecture notes in physics ; _vv. 64. |
|
| 856 | 4 | 0 |
_uhttp://site.ebrary.com/lib/rucke/Doc?id=10256010 _zAn electronic book accessible through the World Wide Web; click to view |
| 999 |
_c33405 _d33405 |
||